Statystyki dla Najwięksi partnerzy handlowi Unii Europejskiej

Kliknij tutaj aby rozwiązać quiz!

Ogólne statystyki

  • Ten quiz został rozwiązany 6 142 razy
  • Średni wynik to 17 z 24

Statystyki odpowiedzi

ImportyEksportyPaństwo% Poprawnych
246 mld370 mldStany Zjednoczone
99%
364 mld206 mldChiny
98%
136 mld73.9 mldRosja
97%
30.9 mld34.6 mldBrazylia
93%
28.2 mld35.2 mldKanada
93%
59.7 mld56.6 mldJaponia
91%
39.4 mld37.9 mldIndie
90%
19.7 mld33.7 mldMeksyk
89%
31.7 mldAustralia
84%
20.4 mldEgipt
81%
61.6 mld79.0 mldTurcja
80%
42.3 mld47.9 mldKorea Południowa
78%
19.3 mld25.5 mldRepublika Południowej Afryki
78%
21.6 mld40.2 mldArabia Saudyjska
74%
74.3 mld48.9 mldNorwegia
58%
48.5 mldZjednoczone Emiraty Arabskie
56%
19.5 mldTajlandia
54%
19.0 mldIzrael
53%
20.9 mld22.3 mldAlgieria
52%
102 mld151 mldSzwajcaria
52%
30.0 mldWietnam
52%
25.5 mldTajwan
45%
22.7 mldMalezja
40%
18.9 mld29.7 mldSingapur
34%

Rozkład punktacji

Percentyl według liczby udzielonych odpowiedzi

Procent ludzi z każdym wynikiem

Twoja historia wyników

Nie rozwiązałeś tego quizu